The face of the moon (Record no. 1071)

MARC details
000 -LEADER
fixed length control field 00589nam a2200193Ia 4500
003 - CONTROL NUMBER IDENTIFIER
control field IN-BaIIA
008 - FIXED-LENGTH DATA ELEMENTS--GENERAL INFORMATION
fixed length control field 211028s9999 xx 000 0 eng d
040 ## - CATALOGING SOURCE
Transcribing agency IIA Library
080 ## - UNIVERSAL DECIMAL CLASSIFICATION NUMBER
Universal Decimal Classification number 523.34
Item number BAL
100 ## - MAIN ENTRY--PERSONAL NAME
Personal name Baldwin, Ralph B
9 (RLIN) 2292
245 #4 - TITLE STATEMENT
Title The face of the moon
Statement of responsibility, etc. Ralph B Baldwin
260 ## - PUBLICATION, DISTRIBUTION, ETC.
Place of publication, distribution, etc. Chicago
Name of publisher, distributor, etc. University of Chicago Press
Date of publication, distribution, etc. 1949
300 ## - PHYSICAL DESCRIPTION
Extent xiv, 239p.
650 ## - SUBJECT ADDED ENTRY--TOPICAL TERM
Topical term or geographic name entry element Astronomy and astrophysics thesaurus
650 ## - SUBJECT ADDED ENTRY--TOPICAL TERM
Topical term or geographic name entry element Moon - surface
9 (RLIN) 2293
650 ## - SUBJECT ADDED ENTRY--TOPICAL TERM
Topical term or geographic name entry element Morphology - moon
9 (RLIN) 2294
650 ## - SUBJECT ADDED ENTRY--TOPICAL TERM
Topical term or geographic name entry element Planet moon
9 (RLIN) 2295
942 ## - ADDED ENTRY ELEMENTS (KOHA)
Koha item type Books
Holdings
Withdrawn status Lost status Damaged status Not for loan Home library Current library Shelving location Date acquired Total Checkouts Full call number Barcode Date last seen Price effective from Koha item type
        IIA Library-Bangalore IIA Library-Bangalore General Stacks     523.34/ BAL 1128 05/11/2021   Books

Powered by Koha